| 000 | 01897nam0a2200337 4500 | ||
|---|---|---|---|
| 001 | RU\NLR\bibl\1264182 | ||
| 005 | 20250615132036.0 | ||
| 010 |
_a978-5-91616-001-7 _9200 |
||
| 021 |
_aRU _b2008-50444 _92793 |
||
| 035 | _a(NLR Aleph) 001250146 | ||
| 090 |
_a313853 _c313853 |
||
| 100 | _a20080820d2008 |||y0rusy50 ca | ||
| 101 | 0 | _arus | |
| 102 | _aRU | ||
| 105 | _ay ||||||||| | ||
| 200 | 1 |
_aКриминологический анализ преступности, связанной с банкротством _eучебное пособие _e[для профессорско-преподавательского состава, аспирантов, адъюнктов, студентов, слушателей специализированных юридических вузов] _fД.Г. Краснов _gпод общ. ред. д.ю.н., проф. А.П. Кузнецова _gНОУ "Нижегор. правовая акад." (ин-т) [и др.] |
|
| 210 |
_aНижний Новгород _cИнститут ФСБ России _d2008 |
||
| 215 |
_a73 с. _d21 |
||
| 300 | _aВ надзаг. также: Ин-т ФСБ России (г. Ниж. Новгород), Торг.-пром. палата Нижегор. обл. | ||
| 320 | _aБиблиогр.: с. 65-72 (103 назв.) и в подстроч. прим. | ||
| 606 | 1 |
_aБанкротство злостное _jУчебные издания для высших учебных заведений _xПредупреждение _yРоссийская Федерация _92475935 _3RU\NLR\auth\661470156 |
|
| 686 | _aХ628.322.16я73 | ||
| 700 | 1 |
_aКраснов _bД. Г. _gДмитрий Германович _4070 |
|
| 801 | 0 |
_aRU _bNLR _c20080820 _gRCR |
|
| 801 | 1 |
_aRU _bNLR _c20080820 |
|
| 830 | _aавт. по кн. | ||
| 942 | _cBOOK | ||
| 980 | _aNB | ||
| 980 | _aNBR | ||